000
003010000a22001450004500
005
20120302054756.0
942
_c
BOOK
245
_a
Tripathgaa
260
_a
Lucknow:Suchanaa Vibhaga,1958.
300
_a
168p.
040
_a
HIN
650
_a
Sankirna
650
_a
Maasike
650
_a
Tripathagaa
999
_c
346567
_d
346564